000 00717cab a2200241 4500
001 ABS52166
008 090401t1994 xxu||||| |||| 00| 0 eng d
035 _a(Sirsi) u64303
041 _aeng
100 _aKeightley, R.
245 4 _aThe constitution and its effects on property
260 _c1994
350 _a0
490 _aSouth African Valuer
_v(40) December 1994, 7-10(4)
520 _aDiscusses the effects that the new South African constitution will have on property and property ownership.
650 _aPROPERTY OWNERSHIP
650 _aREFORM
650 _aSOUTH AFRICA
690 _aOVERSEAS-REST OF THE WORLD
690 _aPROPERTY LAW AND PRACTICE
942 _n0
948 _c04/03/1997
999 _c40044
_d40044